000 00880nam a2200265 i 4500
001 000031230
003 DO-SdBNP
005 20241129093105.0
007 ta
008 110615q1984 dr 000 | spa d
040 _aDO-SdBNP
_bspa
_cBNPHU
_erda
082 _axxx
_bR669p
_222
100 1 _aRoca Friedheim, Frank
_eautor
_954268
245 1 0 _aPolítica y gobierno en el pensamiento de Francisco Gregorio Billini /
_cFrank Roca Friedheim.
264 _aSanto Domingo :
_bMuseo del Hombre Dominicano,
_c1983
300 _a24 páginas ;
_c21 cm.
336 _ardacontent
_btexto
_2txt
337 _ardamedia
_bsin mediación
_2n
338 _ardacarrier
_bvolumen
_2nc
490 1 _aCiclo de conferencias pensamiento dominicano
_v1
590 _aInventariado, 2023 / DG
830 0 _aCiclo de conferencias pensamiento dominicano;
_n1
_957699
910 _aDG
942 _2ddc
_cLBS1
999 _c30722
_d30722